<?xml version="1.0" encoding="UTF-8"?>
<marc:record xmlns:marc="http://www.loc.gov/MARC21/slim">
   <marc:leader>00000nam a2200000 a 4500</marc:leader>
   <marc:datafield ind1="1" ind2=" " tag="100">
      <marc:subfield code="a">Sanders, Anne</marc:subfield>
      <marc:subfield code="4">aut</marc:subfield>
      <marc:subfield code="e">Verfasser/-in</marc:subfield>
   </marc:datafield>
   <marc:datafield ind1="0" ind2="0" tag="245">
      <marc:subfield code="a">Liebe und all das Theater</marc:subfield>
   </marc:datafield>
   <marc:datafield ind1="0" ind2="0" tag="245">
      <marc:subfield code="b">Roman</marc:subfield>
   </marc:datafield>
   <marc:datafield ind1="0" ind2="0" tag="245">
      <marc:subfield code="c">Anne Sanders</marc:subfield>
   </marc:datafield>
   <marc:datafield ind1=" " ind2="1" tag="264">
      <marc:subfield code="a">Hamburg</marc:subfield>
      <marc:subfield code="b">HarperCollins</marc:subfield>
      <marc:subfield code="c">2024</marc:subfield>
   </marc:datafield>
   <marc:datafield ind1="1" ind2=" " tag="490">
      <marc:subfield code="a">Das Haus in der Chestnut Road-Reihe</marc:subfield>
      <marc:subfield code="v">Band 2</marc:subfield>
   </marc:datafield>
   <marc:datafield ind1=" " ind2=" " tag="250">
      <marc:subfield code="a">1. Auflage, Originalausgabe</marc:subfield>
   </marc:datafield>
   <marc:datafield ind1="1" ind2=" " tag="520">
      <marc:subfield code="a">Die große Liebe hat immer eine Zugabe verdient!&#xD;
Die Theaterszene in Brighton steht Kopf: Viktor de Ruiter gibt sein Comeback auf einer der renommiertesten Bühnen in seiner Heimatstadt. Schon bei der ersten Pressekonferenz trifft er auf die Journalistin Hannah, die ihn am liebsten nie wieder begegnen würde, denn die beiden verbindet eine nicht gerade glückliche Vergangenheit. Obwohl es Jahre zurückliegt, hat Hannah nichts vergessen. Und jetzt soll sie die Proben für das Kulturereignis des Jahres begleiten – eigentlich die Karriere-Chance, auf die sie hingefiebert hat. Je mehr Zeit sie mit Viktor verbringt, desto stärker fühlt sie sich wieder zu ihm hingezogen. Ob es für die beiden doch noch ein Happy End gibt?</marc:subfield>
   </marc:datafield>
   <marc:datafield ind1=" " ind2=" " tag="020">
      <marc:subfield code="a">9783365007396</marc:subfield>
      <marc:subfield code="9">9783365007396</marc:subfield>
   </marc:datafield>
   <marc:datafield ind1=" " ind2=" " tag="020">
      <marc:subfield code="a">3365007393</marc:subfield>
      <marc:subfield code="9">3365007393</marc:subfield>
   </marc:datafield>
   <marc:datafield ind1=" " ind2=" " tag="041">
      <marc:subfield code="a">ger</marc:subfield>
   </marc:datafield>
   <marc:datafield ind1=" " ind2=" " tag="300">
      <marc:subfield code="a">285 Seiten</marc:subfield>
   </marc:datafield>
</marc:record>
